[Event "Wch FIDE Online U16 Girls Asia qual"]
[Site "Tornelo INT"]
[Date "2020.12.13"]
[Round "6"]
[White "Samar, Natsheh"]
[Black "Nayanikaa, Muralidharan"]
[Result "0-1"]
[WhiteElo "1124"]
[BlackElo "1621"]
[PlyCount "64"]
[EventDate "2020.12.11"]
[EventType "swiss (rapid)"]
[EventRounds "7"]
[EventCountry "ISS"]
[SourceTitle "EXT 2022"]
[Source "ChessBase"]
[SourceDate "2021.10.06"]
[SourceVersion "1"]
[SourceVersionDate "2021.10.06"]
[SourceQuality "1"]

1. d4 Nf6 2. e3 c5 3. c3 Nc6 4. Bd3 d5 5. Nd2 Bg4 6. f3 Bh5 7. Qc2 cxd4 8. exd4 e6 9. f4 Bd6 10. Ndf3 Rc8 11. Ne5 Nxd4 12. Qa4+ Nc6 13. Be3 0-0 14. Ngf3 a6 15. 0-0 Ng4 16. Bd4 Nxd4 17. Qxd4 Bc5 18. Qxc5 Rxc5 19. h3 Nxe5 20. Nxe5 f6 21. Nf3 Bg6 22. Bxg6 hxg6 23. Rad1 Qc7 24. Nd4 Re8 25. g3 e5 26. fxe5 fxe5 27. Ne2 Qb6 28. Kh2 Qxb2 29. Rf2 Rxc3 30. Rdf1 Rc2 31. Re1 d4 32. Kg2 d3 0-1

[Event "IND-ch U13 Girls 31st"]
[Site "Jalandhar"]
[Date "2017.06.29"]
[Round "11"]
[White "Bhagyashree, Patil"]
[Black "Nayanikaa, Muralidharan"]
[Result "0-1"]
[WhiteElo "1742"]
[BlackElo "1447"]
[PlyCount "86"]
[EventDate "2017.06.21"]
[EventType "swiss"]
[EventRounds "11"]
[EventCountry "IND"]
[SourceTitle "CBM 179 Extra"]
[Source "ChessBase"]
[SourceDate "2017.08.23"]
[SourceVersion "1"]
[SourceVersionDate "2017.08.23"]
[SourceQuality "1"]

1. e4 e5 2. Nf3 Nc6 3. Bc4 Nf6 4. d3 Bc5 5. c3 d6 6. 0-0 0-0 7. Be3 Bxe3 8. fxe3 Be6 9. Bxe6 fxe6 10. Nbd2 d5 11. Qe2 Qe7 12. Rad1 Rad8 13. b4 d4 14. exd4 exd4 15. cxd4 Qxb4 16. Nb3 a5 17. Rb1 Qe7 18. a4 b6 19. h3 Nh5 20. Rfc1 Nb4 21. Qe3 Nf4 22. Ne5 Qg5 23. Rb2 c5 24. Nxc5 Nxh3+ 25. Qxh3 Qxc1+ 26. Kh2 Qf4+ 27. g3 Qc1 28. Qxe6+ Kh8 29. Rg2 Qf1 30. Ncd7 Rde8 31. Qh3 Rf2 32. Nxb6 Re6 33. Nf7+ Kg8 34. d5 Rxg2+ 35. Qxg2 Qxg2+ 36. Kxg2 Rxb6 37. Ne5 Na6 38. Nc4 Rb3 39. Ne5 Kf8 40. d6 Nc5 41. d4 Nxe4 42. d7 Ke7 43. d5 Ra3 0-1

[Event "IND-ch U13 Girls 31st"]
[Site "Jalandhar"]
[Date "2017.06.26"]
[Round "8"]
[White "Nayanikaa, Muralidharan"]
[Black "Routray, Priyanka"]
[Result "1/2-1/2"]
[WhiteElo "1447"]
[BlackElo "1605"]
[PlyCount "115"]
[EventDate "2017.06.21"]
[EventType "swiss"]
[EventRounds "11"]
[EventCountry "IND"]
[SourceTitle "CBM 179 Extra"]
[Source "ChessBase"]
[SourceDate "2017.08.23"]
[SourceVersion "1"]
[SourceVersionDate "2017.08.23"]
[SourceQuality "1"]

1. d4 d5 2. c4 c6 3. Nc3 Nf6 4. Nf3 e6 5. Bg5 Be7 6. e3 Nbd7 7. Bd3 h6 8. Bh4 dxc4 9. Bxc4 b5 10. Bd3 a6 11. 0-0 c5 12. dxc5 Nxc5 13. Be2 Qxd1 14. Rfxd1 g5 15. Bg3 Nfe4 16. Nxe4 Nxe4 17. Rac1 Nxg3 18. hxg3 Bf6 19. b3 0-0 20. Nd4 Bb7 21. Rc7 Bd5 22. f3 Be5 23. Rd7 Rfd8 24. Rxd8+ Rxd8 25. Nc6 Bxc6 26. Rxd8+ Kg7 27. f4 gxf4 28. gxf4 Bf6 29. Rc8 Be4 30. Bf3 Bb1 31. a4 bxa4 32. bxa4 a5 33. e4 Bd4+ 34. Kf1 Be3 35. g3 Bd2 36. Ke2 Bb4 37. Ke3 Ba2 38. Bd1 Kf6 39. Bc2 Kg7 40. Kd4 Kf6 41. Rb8 Kg6 42. Kd3 f5 43. exf5+ exf5 44. Kd4 Be1 45. g4 Kf6 46. Bxf5 h5 47. Rb6+ Kf7 48. Bg6+ Kg7 49. Ke5 hxg4 50. Kf5 g3 51. Rb7+ Kf8 52. Rb2 Bc4 53. Rb8+ Kg7 54. Rb7+ Kf8 55. Rb8+ Kg7 56. Rb7+ Kf8 57. Rb8+ Kg7 58. Rb7+ 1/2-1/2